Yhdysvaltain kaupunkeja jääkiekkojoukkueiden mukaan - Statistics

Yleistilastot
  • Tätä visaa on pelattu 140 kertaa
  • Keskiarvotulos 17 / 24
Vastaustilastot
Kuvavisa Hint Vastaus % Oikein
8 804 000 New York
98%
1 304 000 Dallas
95%
3 899 000 Los Angeles
93%
676 000 Boston
91%
2 746 000 Chicago
90%
737 000 Seattle
90%
1 013 000 San José
87%
690 000 Washington D.C.
86%
716 000 Nashville
84%
1 604 000 Philadelphia
83%
385 000 Tampa
83%
639 000 Detroit
80%
347 000 Anaheim
79%
906 000 Columbus
79%
642 000 Las Vegas
77%
278 000 Buffalo
74%
302 000 St. Louis
64%
303 000 Pittsburgh
62%
716 000 Denver
60%
468 000 Raleigh
38%
200 000 Salt Lake City
33%
312 000 Saint Paul
17%
312 000 Newark
16%
97 000 Sunrise
16%
Ehtoja vastaavia visoja ei löytynyt
Tulosjakauma
Jokaisen tuloksen saaneiden osuus
Persentiili vastausten määrän mukaan
Tuloshistoriasi
Et ole pelannut tätä visaa